| 000 | 01019nas a2200289 4500 | ||
|---|---|---|---|
| 001 | BR9001115 | ||
| 003 | BR-BrBNA | ||
| 005 | 20231205091828.0 | ||
| 007 | ta | ||
| 008 | 230509b bl.|||p| |||| 00| 00por d | ||
| 040 |
_aBR-BrBNA _bpor _cBiblioteca Nacional de Agricultura |
||
| 041 | _a(Pt) | ||
| 072 | _aF61 | ||
| 100 | 1 | _aFerreira, L.G.R. | |
| 100 | 1 | _aAlbuquerque, I.M. de | |
| 245 | 1 | _aAlteracoes nos niveis de prolina nas folhas e partes florais de caupi (Vigna unguiculata (L.)Walp)induzidas por variacoes de temperatura | |
| 246 | 1 | _aModification of proline levels in leaves and floral parts of cowpea (Vigna unguiculata (L.)Walp)induced by changes in temperature | |
| 650 | _aFEIJAO DE CORDA | ||
| 650 | _aGERMINACAO | ||
| 650 | _aTEMPERATURA | ||
| 650 | _aPROLINA | ||
| 650 | _aFOLHA | ||
| 650 | _aFLOR | ||
| 773 | 0 |
_tRevista Brasileira de Fisiologia Vegetal (Brazil) _xISSN 0103-3131 _g(1990), v. 2(1) p. 71-76 _wBR9001115 |
|
| 909 |
_a202311 _bLúcia _c55 _dLúcia Elande |
||
| 942 |
_2AGRIS _n0 _cANA |
||
| 999 |
_c127607 _d127607 |
||